00695 2200229 4500001002100000005001500021035002000036007000300056008004100059040001700100082001400117084001400131090001600145245011100161260005600272300003700328650001200365850001200377041000800389710005000397990001800447INLIS00000000084434020190120105455 a0010-0119000712ta190120 1932 jiia f ind d aYOPDYOGbind04223a614.4 a614.4 BOE aL 614.4 BOE0 aBoekoe propaganda boeat penolakan bahaja malaria di tanah Djawa Timoer /cProvinciaal Assaineeringskantoor aSurabaja :bProvinciaal Assaineeringskantoor,c1932 a28 halaman :bilustrasi ;c24 cm 4aMalaria aYOPDYOG0 aind2 aProvinciaal Assaineeringskantoor Djawa-Timoer a62585-PD/A.18